Φιλοσοφία της παιδείας : βάσεις για θεμελίωση εθνικής αγωγής
Αποθηκεύτηκε σε:
| Κύριος συγγραφέας: | |
|---|---|
| Μορφή: | Βιβλίο |
| Γλώσσα: | Greek |
| Δημοσίευση: |
Αθήνα :
Παπαδήμας,
1988.
|
| Θέματα: | |
| Ετικέτες: |
Προσθήκη ετικέτας
Δεν υπάρχουν, Καταχωρήστε ετικέτα πρώτοι!
|
MARC
| LEADER | 00000nam a2200000 a 4500 | ||
|---|---|---|---|
| 001 | 1/126621 | ||
| 008 | 230518s1988####gr | ||| |||| ||gre|| | ||
| 040 | |a GR-MyUa |b gre |c GR-MyUa |e AACR2 | ||
| 041 | 0 | |a gre | |
| 082 | 7 | |a 370.1 |2 (23) | |
| 100 | 1 | |a Γεωργοβασίλης, Δημοσθένης Γ., |d 1933- | |
| 245 | 1 | 0 | |a Φιλοσοφία της παιδείας : |b βάσεις για θεμελίωση εθνικής αγωγής / |c Δημοσθένης Γ. Γεωργοβασίλης. |
| 260 | |a Αθήνα : |b Παπαδήμας, |c 1988. | ||
| 300 | |a 143 σ. ; |c 21 εκ. | ||
| 504 | |a Περιέχει βιβλιογραφικές παραπομπές. | ||
| 650 | 0 | |a Education |x Philosophy. | |
| 650 | 0 | |a Education |x Theory (Philosophy) | |
| 970 | |a Σιδερή |b Νεκταρία |z 2023-05-18 | ||